Statistics for Biggest Cities in Washington State

Click here to take the quiz!

General Stats

  • This quiz has been taken 24,655 times
    (14,186 since last reset)
  • The average score is 10 of 23

Answers on the Map

Answers color-coded by a green-red scale on the quiz's map according to % correct below.
 

Answer Stats

PopulationCity% Correct
733,919Seattle
100%
55,919Olympia
79%
229,071Spokane
78%
219,205Tacoma
75%
192,169Vancouver
65%
149,440Bellevue
51%
92,289Bellingham
46%
110,812Everett
46%
96,578Yakima
46%
134,835Kent
35%
76,354Redmond
35%
84,488Kennewick
33%
105,179Renton
33%
105,905Spokane Valley
31%
99,037Federal Way
30%
78,871Pasco
30%
92,107Kirkland
29%
61,929Richland
29%
85,699Auburn
23%
71,144Marysville
23%
57,918Shoreline
21%
63,331Lakewood
20%
66,630Sammamish
18%

Score Distribution

Percentile by Number Answered

Percent of People with Each Score

Your Score History

You have not taken this quiz since the last reset